|
|
|
|
| LEADER |
00000nam0a2200000 4500 |
| 001 |
363766 |
| 005 |
20231102011624.0 |
| 035 |
|
|
|a (RuTPU)RU\TPU\retro\21113
|
| 090 |
|
|
|a 363766
|
| 100 |
|
|
|a 20211011d1981 km y0rusy50 ca
|
| 101 |
0 |
|
|a rus
|
| 102 |
|
|
|a RU
|
| 105 |
|
|
|a a z 001zy
|
| 200 |
1 |
|
|a Электропривод с линейными электромагнитными двигателями
|f Академия наук СССР, Сибирское отделение, Институт горного дела ; под ред. Н. П. Ряшенцева
|
| 210 |
|
|
|a Новосибирск
|c Наука
|d 1981
|
| 215 |
|
|
|a 145 с.
|c ил.
|
| 320 |
|
|
|a Библиогр.: с. 145-149
|
| 606 |
1 |
|
|a Электроприводы
|2 stltpush
|3 (RuTPU)RU\TPU\subj\20689
|9 45775
|
| 610 |
1 |
|
|a электромагнитные двигатели
|
| 610 |
1 |
|
|a линейные двигатели
|
| 610 |
1 |
|
|a применение
|
| 610 |
1 |
|
|a экспериментальные исследования
|
| 610 |
1 |
|
|a расчеты
|
| 675 |
|
|
|a 62-83
|v 4
|
| 702 |
|
1 |
|a Ряшенцев
|b Н. П.
|4 340
|
| 712 |
0 |
2 |
|a Академия наук СССР
|b Сибирское отделение
|b Институт горного дела
|c (Новосибирск)
|2 stltpush
|3 (RuTPU)RU\TPU\col\11352
|9 25057
|
| 801 |
|
1 |
|a RU
|b 63413507
|c 20211011
|
| 942 |
|
|
|c BK
|